000
00286nam a22001217a 4500
003
OSt
008
150215b xxu||||| |||| 00| 0 eng d
100
1
_a
Lowe,Robson
041
_a
eng
245
1
0
_a
The Encyclopaedia Of British Empire Postage Stamps Vol.V
260
_b
1973
300
_a
0 pages
999
_c
685
_d
685